Nuevo director de la Clinica Mental de Santa Coloma
Publicado:
San Jorge, núm. 82 (2n trimestre 1971), pàg 54 :
MARC
| LEADER | 00000nam a2200000Ia 4500 | ||
|---|---|---|---|
| 001 | |||
| 008 | 160829s9999 xx 000 0 cat d | ||
| 245 | |a Nuevo director de la Clinica Mental de Santa Coloma | ||
| 260 | |a San Jorge, núm. 82 (2n trimestre 1971), pàg 54 | ||
| 610 | 2 | 0 | |a Clínica Mental (Santa Coloma de Gramenet, Catalunya) |9 54649 |
| 650 | |a Parellada Feliu, José |9 41809 | ||
| 901 | |a Arxiu | ||
| 942 | |n 1 | ||
| 952 | |0 0 |1 0 |4 0 |7 1 |9 53086 |a Arxiu |b Arxiu |d 2016-12-01 |l 0 |r 2016-12-01 00:00:00 |w 2016-12-01 |y ARXIU | ||
| 999 | |c 56935 |d 56935 | ||